Construcciones rurales... /

Guardado en:
Autor Principal: Erlijman, Mauricio
Formato: Libro
Publicado: Barcelona : Salvat, 1957
Materias:
Etiquetas: Agregar Etiqueta
Sin Etiquetas, Sea el primero en etiquetar este registro!
LEADER 00544nam a22001935a 4500
001 CEM.cems002275
008 130507s1957##################000#0#####d
005 20210823201425.0
003 CEMS
245 1 0 |a Construcciones rurales... /  |c Mauricio Erlijman 
260 |a Barcelona :  |b Salvat,  |c 1957 
300 |a 602 p. 
100 1 |a Erlijman, Mauricio 
082 0 4 |a 631.2 
653 |a Agricultura 
653 |a Construcciones rurales 
653 |a Silos aereos 
653 |a Silos subterraneos 
859 |a CEMS  |b BIB. CEMS - Agricultura  |h 631.2  |i Er46  |p A5043.76  |t Ej.1